Köszönet és nyugta

Prehľad darcov, ktorí prispeli finančnou čiastkou v septembri 1912 na výstavbu seminárnej kaplnky v Biskupskom seminári v Rožňave.

Bibliographic Details
Main Author: Rónay, Ján (XXX)
Format: Article
Language:Hungarian
Subjects:
Source: 1. Sajó-Vidék : Vegyestartalmú hetilap 1. Roč. 15, č. 39 (26.09.1912) s. 3
LEADER 01074nab#a2200325#ar4500
001 000073589
003 SVKKK
005 19971002xxxxxxx.
008 06 c xo huno
FMT
038 |a SVKKK 
040 |a SVKKK  |b slo  |e AACR2 
041 0 |a hun 
044 |a xo  |c SK 
080 |a 177.7 
080 |a 257 
100 1 |a Rónay, Ján  |4 XXX 
242 1 0 |a Poďakovanie a potvrdenie 
245 1 0 |a Köszönet és nyugta  |c Ján Rónay 
500 |a János 
520 2 |a Prehľad darcov, ktorí prispeli finančnou čiastkou v septembri 1912 na výstavbu seminárnej kaplnky v Biskupskom seminári v Rožňave. 
650 0 4 |a dobročinnosť - dary finančné - Biskupský seminár, Rožňava (adresát) - kaplnka seminárna - september 1912 - výstavba prebiehajúca - darcovia - prehľady - Rónay, Ján (riaditeľ) - poďakovanie 
773 0 |t Sajó-Vidék : Vegyestartalmú hetilap  |g Roč. 15, č. 39 (26.09.1912) s. 3 
957 |a Rožňava 
958 |a DG 
958 |a SK 
974 |a ebl  |d 19971002 
992 |a RBX 
BAS
998 |a RETRO